| 000 | 00506nam a2200133Ia 4500 | ||
|---|---|---|---|
| 008 | 160809s9999 xx 000 0 und d | ||
| 100 | _aBock, Florian. | ||
| 245 | 2 | _aA Taxonomy for Tools, Processes and Languages in Automotive Software Engineering Full Text | |
| 245 | _cFlorian Bock1, Daniel Homm1, Sebastian Siegl2 and Reinhard German1, | ||
| 260 | _bComputer Science and Information Technology | ||
| 260 | _cJanuary 2016 | ||
| 650 | _xINFORMATION TECHNOLOGY | ||
| 856 | _uhttp://airccse.org/V6N48.html | ||
| 999 |
_c300026 _d300026 |
||